История успеха; Инженерное образование; № 14

書目詳細資料
Parent link:Инженерное образование: электронный научный журнал/ Ассоциация инженерного образования России (АИОР).— : [Б. и.], 2003-.— 1810-2883
№ 14.— 2014.— [С. 112-113]
主要作者: Похолков Ю. П. Юрий Петрович
企業作者: Национальный исследовательский Томский политехнический университет (ТПУ) Институт социально-гуманитарных технологий (ИСГТ) Кафедра организации и технологии высшего профессионального образования (ОТВПО)
其他作者: Кресс В. М. Виктор Мельхиорович
總結:Заглавие с титульного листа
7 июля 2014 исполняется 60 лет Петру Савельевичу Чубику, ректору одного из ведущих технических университетов России - Национального исследовательского Томского политехнического университета.
語言:俄语
出版: 2014
叢編:Юбилеи
主題:
在線閱讀:https://old.aeer.ru/files/io/m14/art_16.pdf
格式: 電子 Book Chapter
KOHA link:https://koha.lib.tpu.ru/cgi-bin/koha/opac-detail.pl?biblionumber=535619

MARC

LEADER 00000naa2a2200000 4500
001 535619
005 20250520134208.0
035 |a (RuTPU)RU\TPU\prd\224508 
035 |a RU\TPU\prd\224507 
090 |a 535619 
100 |a 20141023a2014 k y0rusy50 ca 
101 0 |a rus 
102 |a RU 
135 |a drcn ---uucaa 
181 0 |a i  
182 0 |a b 
200 1 |a История успеха  |f Ю. П. Похолков, В. М. Кресс 
203 |a Текст  |c электронный 
215 |a 1 файл (413 Кб) 
225 1 |a Юбилеи 
300 |a Заглавие с титульного листа 
330 |a 7 июля 2014 исполняется 60 лет Петру Савельевичу Чубику, ректору одного из ведущих технических университетов России - Национального исследовательского Томского политехнического университета. 
337 |a Adobe Reader 
461 1 |0 (RuTPU)RU\TPU\prd\176632  |x 1810-2883  |t Инженерное образование  |o электронный научный журнал  |f Ассоциация инженерного образования России (АИОР)  |n [Б. и.]  |d 2003- 
463 1 |0 (RuTPU)RU\TPU\prd\1157  |t № 14  |v [С. 112-113]  |d 2014 
610 1 |a инженерное образование 
610 1 |a электронный ресурс 
610 1 |a ТПУ 
610 1 |a ректоры 
610 1 |a Томск 
610 1 |a образование 
610 1 |a вузы 
700 1 |a Похолков  |b Ю. П.  |c специалист в области электротехники, доктор технических наук  |c ректор Томского политехнического университета (1990-2008), профессор  |f 1939-  |g Юрий Петрович  |x TPU  |y Томск  |3 (RuTPU)RU\TPU\pers\10508  |9 2235 
701 1 |a Кресс  |b В. М.  |c губернатор Томской области  |c кандидат экономических наук  |f 1948-  |g Виктор Мельхиорович  |3 (RuTPU)RU\TPU\pers\24278  |9 10745 
712 0 2 |a Национальный исследовательский Томский политехнический университет (ТПУ)  |b Институт социально-гуманитарных технологий (ИСГТ)  |b Кафедра организации и технологии высшего профессионального образования (ОТВПО)  |3 (RuTPU)RU\TPU\col\19273 
801 1 |a RU  |b 63413507  |c 20090623  |g PSBO 
801 2 |a RU  |b 63413507  |c 20180426  |g PSBO 
856 4 |u https://old.aeer.ru/files/io/m14/art_16.pdf 
942 |c BK